00796nam a2200181 a 450000100100000000500170001000800410002704000250006810000370009324501440013026000750027430000210034949000210037050000730039183000280046495201050049299900170059700003889720201002031418.0130502s1948 sp 000 0 spa d aDO-SdBNPbspacBNPHU1 aSchneider, Marius,d1903-96516513aLa danza de espadas y la tarantela :bensayo musicológico, etnográfico y arqueológico sobre los ritos medicinales /cMarius Schneide. aBarcelona :bConsejo Superior de Investigaciones Científicas,c1948. a212 p. ;c25 cm.1 aMonografíasv3 aIncluye referencias bibliográficas y notas al pie de las páginas 0aMonografíasv3915334 001050718MOaPDbPDcCTd2013-05-02iLF1l0o p38897-10r2020-06-25w2020-06-25y1ZNo se presta c38387d38387